| 000 | 00629cam a2200205 a 4500 | ||
|---|---|---|---|
| 001 | 000014947 | ||
| 005 | 20200929163929.0 | ||
| 008 | 841123s2001 ho ac 001 0 spa | ||
| 040 |
_aDO-SdBNP _cDLC _dDLC |
||
| 082 |
_aH861.44 _bS715p, 2001 |
||
| 100 | 1 |
_aSosa, Roberto, _d1930- _924988 |
|
| 245 | 1 | 4 |
_aLos pobres / _cRoberto Sosa. |
| 250 | _a8a ed. | ||
| 260 |
_aTegucigalpa, D.C., Honduras : _bSecretaría de Cultura, Arte y Deporte, _c2001. |
||
| 300 |
_a80 p. : _bil., retrs. ; _c19 cm. |
||
| 650 | 4 |
_aPoesía hondureña _916914 |
|
| 650 | 4 |
_aLiteratura hondureña _9836 |
|
| 910 | _aCatalogación derivada | ||
| 049 | _aBNGR | ||
| 999 |
_c14527 _d14527 |
||